Nintendo GameCube - Statistiques

Statistiques générales
  • Ce quiz a été pris 137 fois
  • Le résultat moyen est 7 sur 15
Statistiques - réponses
Question Réponse % Correct
Était-il possible de jouer au jeux GameBoy et GameBoy Advance sur GameCube ? Oui grace à un accessoire
96%
Quel était du nom du projet qui mena à créer le gameCube ? Projet Dolphin
71%
Quel était le support pour lire les jeux GameCube ? Mini DVD
67%
Quel était le nom de la manette sans fil ? Wavebird
67%
Quel est le nom de son processeur principal ? Gekko
54%
Quelle est le rapport entre GameCube et le Panasonic Q ? Il permet de lire des DVD
54%
Quel est le jeu qui s’est le plus vendu sur GameCube ? Super Smash Bros Melee
50%
Combien de jeux au total sont sortis sur GameCube ? 644
46%
À quelle date est sortie la GameCube en France ? 3 mai 2002
42%
À combien d’exemplaires s’est vendu la GameCube ? (en million d’exemplaires) 22
33%
On dit LE ou LA GameCube ? Le
25%
À quelle place se situe la console en terme de vente parmis les consoles Nintendo ? (en comptant les consoles portables et les ventes actuelles de Switch). 10
17%
À combien d’exemplaires s’est vendu le jeu le plus vendu sur le GameCube ? (en million d’exemplaires) 7,09
17%
Combien de ”blocs” contenaient les 3 différents formats des cartes mémoires GameCube ? 59, 251 et 1019
13%
Combien de jeux étaient disponibles au lancement de la console en France ? 18
0%
Aucun quiz correspondant
Distribution des résultats
% des personnes avec chaque résultat
Percentile par nombre de réponses
Votre historique - résultats
Vous n’avez pas pris ce quiz